Armor Pieces of Tears of the Kingdom (TOTK) - Statistics

General Stats
  • This quiz has been taken 12 times
  • The average score is 29 of 136
Answer Stats
Set Bonus Armor Piece % Correct
None Hylian Hood
67%
None Hylian Hood (Lowered)
67%
Charge Atk. Stamina Up Barbarian Helm
56%
Unshockable Rubber Helm
56%
None; Two Item Set Archaic Legwear
44%
Charge Atk. Stamina Up Barbarian Armor
44%
None Hylian Trousers
44%
None Hylian Tunic
44%
Unshockable Rubber Armor
44%
None Soldier's Armor
44%
None Soldier's Greaves
44%
None Soldier's Helm
44%
Swim Dash Stamina Up Zora Armor
44%
Swim Dash Stamina Up Zora Helm
44%
None; Stand-alone Item Archaic Warm Greaves
33%
Charge Atk. Stamina Up Barbarian Leg Wraps
33%
Master Sword Beam Augmentation Champion's Leathers
33%
Climbing Jump Stamina Up Climber's Bandana
33%
Night Speed Up Dark Hood
33%
Night Speed Up Dark Trousers
33%
Night Speed Up Dark Tunic
33%
Bone Weapon Proficiency; Disguise Evil Spirit Armor
33%
Bone Weapon Proficiency; Disguise Evil Spirit Greaves
33%
Bone Weapon Proficiency; Disguise Evil Spirit Mask
33%
Fireproof Flamebreaker Armor
33%
Fireproof Flamebreaker Helm
33%
None; Undetectable Majora's Mask
33%
Unfreezable Snowquill Headdress
33%
Unfreezable Snowquill Trousers
33%
Attack-Up Trousers of Awakening
33%
Attack-Up Tunic of Awakening
33%
Swim Dash Stamina Up Zora Greaves
33%
None; Two Item Set Archaic Tunic
22%
Attack-Up Cap of the Hero
22%
Attack Up Cap of the Sky
22%
Attack Up Cap of the Wild
22%
Attack Up Cap of the Wind
22%
Attack Up Cap of Time
22%
None; Stand-alone Item Cece Hat
22%
Shock Resistance Desert Voe Spaulder
22%
Shock Resistance Desert Voe Trousers
22%
Hot Weather Charge Ember Headdress
22%
Hot Weather Charge Ember Trousers
22%
Charge Atk. Stamina Up Fierce Deity Armor
22%
Charge Atk. Stamina Up Fierce Deity Boots
22%
Charge Atk. Stamina Up Fierce Deity Mask
22%
Fireproof Flamebreaker Boots
22%
Cold Weather Charge Frostbite Headdress
22%
Cold Weather Charge Frostbite Trousers
22%
None; Lightning Proof Lightning Helm
22%
None; Gloom Resistance Midnas Helmet
22%
Shining Steps Miner's Mask
22%
Shining Steps Miner's Top
22%
Shining Steps Miner's Trousers
22%
None; Attack Up Phantom Armor
22%
None; Attack Up Phantom Greaves
22%
None; Attack Up Phantom Helmet
22%
Bone Weapon Proficiency Radiant Mask
22%
None; Stand-alone Item Ravios Hood
22%
Unshockable Rubber Tights
22%
None; Stealth Up Sheik's Mask
22%
Unfreezable Snowquill Tunic
22%
Night Speed Up Stealth Mask
22%
Attack-Up Trousers of the Hero
22%
Attack Up Trousers of the Sky
22%
Attack Up Trousers of the Wild
22%
Attack Up Trousers of the Wind
22%
Attack Up Trousers of Twilight
22%
Master Sword Beam Augmentation Tunic of Memories
22%
Attack-Up Tunic of the Hero
22%
Attack Up Tunic of the Sky
22%
Attack Up Tunic of the Wild
22%
Attack Up Tunic of Twilight
22%
Vah Medoh Divine Helm Vah Medoh Divine Helm
22%
Vah Naboris Divine Helm Vah Naboris Divine Helm
22%
Vah Rudania Divine Helm Vah Rudania Divine Helm
22%
Vah Ruta Divine Helm Vah Ruta Divine Helm
22%
None; Stand-alone Item Well-Worn Hair Band
22%
None; Unfreezable Zants Helmet
22%
Energy Recharge Up Zonaite Helm
22%
Energy Recharge Up Zonaite Shin Guards
22%
None; Stand-alone Item Bokoblin Mask
11%
Attack Up Cap of Twilight
11%
Stormy Weather Charge Charged Headdress
11%
Stormy Weather Charge Charged Shirt
11%
Stormy Weather Charge Charged Trousers
11%
Climbing Jump Stamina Up Climbing Boots
11%
Climbing Jump Stamina Up Climbing Gear
11%
Shock Resistance Desert Voe Headband
11%
Hot Weather Charge Ember Shirt
11%
Slip Proof Froggy Hood
11%
Slip Proof Froggy Leggings
11%
Slip Proof Froggy Sleeves
11%
Cold Weather Charge Frostbite Shirt
11%
Gloom Attack Resist Gaiters of the Depths
11%
Impact Proof Glide Mask
11%
Impact Proof Glide Shirt
11%
Impact Proof Glide Tights
11%
Gloom Attack Resist Hood of the Depths
11%
None; Stand-alone Item Horriblin Mask
11%
None; Heat Resistance Island Lobster Shirt
11%
None; Stand-alone Item Korok Mask
11%
None; Stand-alone Item Lizalfos Mask
11%
None; Stand-alone Item Lynel Mask
11%
None; Stand-alone Item Moblin Mask
11%
None; Rupee Padding Mystic Headpiece
11%
None; Rupee Padding Mystic Robe
11%
None; Rupee Padding Mystic Trousers
11%
Bone Weapon Proficiency Radiant Shirt
11%
Bone Weapon Proficiency Radiant Tights
11%
None; Charge Atk. Stamina Up Royal Guard's Boots
11%
None; Charge Atk. Stamina Up Royal Guard's Cap
11%
None; Charge Atk. Stamina Up Royal Guard's Uniform
11%
None; Sand Speed Up Sand Boots
11%
None; Snow Speed Up Snow Boots
11%
Night Speed Up Stealth Chest Guard
11%
Night Speed Up Stealth Tights
11%
None; Night Speed Up Tingle's Shirt
11%
None; Night Speed Up Tingle's Tights
11%
Attack Up Trousers of Time
11%
Gloom Attack Resist Tunic of the Depths
11%
Attack Up Tunic of the Wind
11%
Attack Up Tunic of Time
11%
Night Speed Up Yiga Armor
11%
Night Speed Up Yiga Mask
11%
None; Stand-alone Item Amber Earrings
0%
Master Sword Beam-Up Ancient Hero's Aspect
0%
None; Attack Up Diamond Circlet
0%
Attack-Up Hood of Awakening
0%
None; Stand-alone Item Opal Earrings
0%
None; Cold Resistance Ruby Circlet
0%
None; Heat Resistance Sapphire Circlet
0%
None; Night Speed Up Tingle's Hood
0%
None; Shock Resistance Topaz Earrings
0%
Night Speed Up Yiga Tights
0%
Energy Recharge Up Zonaite Wasteguard
0%
No matching quizzes found
Score Distribution
Percent of People with Each Score
Percentile by Number Answered
Your Score History
You have not taken this quiz